Τι πρέπει να ξέρει ο δάσκαλος για τη φυσική αγωγή του παιδιού : λειτουργικές ιδιότητες της κινητικότητος του ερειστικού-μυϊκού και νευρικού ιστού
Saved in:
| Main Author: | |
|---|---|
| Format: | Book |
| Language: | Greek |
| Published: |
Ρόδος :
[χ.ό.],
1965.
|
| Subjects: | |
| Tags: |
Add Tag
No Tags, Be the first to tag this record!
|
MARC
| LEADER | 00000cam a2200000 a 4500 | ||
|---|---|---|---|
| 001 | 1/119015 | ||
| 008 | 190604s1965####gr | ||| |||| ||gre|| | ||
| 040 | |a GR-MyUa |b gre |c GR-MyUa |e AACR2 | ||
| 041 | 0 | |a gre | |
| 082 | 7 | |a 796.07 |2 (23) | |
| 100 | 1 | |a Κουτσογιάννης, Ιερεμίας Η. | |
| 245 | 1 | 0 | |a Τι πρέπει να ξέρει ο δάσκαλος για τη φυσική αγωγή του παιδιού : |b λειτουργικές ιδιότητες της κινητικότητος του ερειστικού-μυϊκού και νευρικού ιστού / |c Κουτσογιάννης Ιερεμίας. |
| 260 | |a Ρόδος : |b [χ.ό.], |c 1965. | ||
| 300 | |a 66 σ. ; |c 32 εκ. | ||
| 501 | |a Με: Η γυμναστική κίνησις : γενικοί και ειδικοί σκοποί ; συντελεστικαί συνθήκαι συντάξεως του γυμναστικού πίνακος / Κουτσογιάννης Ιερεμίας. Ρόδος : [χ.ό.], 1964. Δεμένα μαζί μετά τη δημοσίευσή τους. | ||
| 650 | 0 | |a Physical education and training |z Greece. | |
| 650 | 0 | |a Physical education and training |x Study and teaching |z Greece. | |
| 650 | 0 | |a Muscles |x Anatomy and histology. | |
| 740 | 0 | |a Η γυμναστική κίνησις : γενικοί και ειδικοί σκοποί ; συντελεστικαί συνθήκαι συντάξεως του γυμναστικού πίνακος. | |
| 852 | |a INST |b RHODES |c AKA |e 20190604 |h 796.07 ΚΟΥ |p 005400032208 |q 005400032208 |t BK |y 0 | ||
| 970 | |a Κόζα |b Μαρία |z 04/06/2019 | ||